Statistiche per Primi 15 paesi interessati da Covid-19 - 14 dicembre

Clicka qui per fare il quiz!

Statistiche generali

  • Questo quiz è stato fatto 12 volte
  • Il punteggio medio è 13 su 27

Statistiche sulle risposte

paese% Corretto
Italia
100%
Regno Unito
100%
Stati Uniti
100%
Francia
92%
Russia
92%
Spagna
92%
Germania
83%
Brasile
75%
India
75%
Argentina
58%
Belgio
58%
Messico
58%
Svizzera
58%
Polonia
50%
Colombia
42%
Croazia
42%
Paesi Bassi
42%
Turchia
33%
Iran
25%
Slovenia
25%
Israele
17%
Cechia
8%
Georgia
8%
Qatar
8%
Armenia
0%
Bahrain
0%
Panama
0%

Distribuzione punteggi

Percentile per numero di risposta

Percentuale di utenti per punteggio

I tuoi punteggi nel tempo

Non hai fatto questo quiz